<?xml version="1.0" encoding="UTF-8"?>
<collection xmlns="http://www.loc.gov/MARC21/slim">
 <record>
  <leader>02219nam a2200229 a 4500</leader>
  <controlfield tag="001">1/40858</controlfield>
  <controlfield tag="008">110221s2004    gr            00110 gre d</controlfield>
  <datafield tag="035" ind1=" " ind2=" ">
   <subfield code="l">43639</subfield>
  </datafield>
  <datafield tag="040" ind1=" " ind2=" ">
   <subfield code="a">GR-PeUP</subfield>
  </datafield>
  <datafield tag="082" ind1="0" ind2="0">
   <subfield code="a">657.46 ΚΑΡ</subfield>
  </datafield>
  <datafield tag="100" ind1="1" ind2=" ">
   <subfield code="a">Καραγιάννης, Δημήτριος Ι.</subfield>
  </datafield>
  <datafield tag="245" ind1="1" ind2="0">
   <subfield code="a">Φορολογικά - Φοροτεχνικά :</subfield>
   <subfield code="b">υπολογισμός του φόρου εισοδήματος, Φορολογικές δηλώσεις (Ο.Ε, Ε.Ε, Ε.Π.Ε, Α.Ε, ατομικές, κλπ), Παραδείγματα - Εφαρμογές στην πράξη /</subfield>
   <subfield code="c">Δημήτρης Ι. Καραγιάννης, Ιωάννης Δ. Καραγιάννης.</subfield>
  </datafield>
  <datafield tag="250" ind1=" " ind2=" ">
   <subfield code="a">10η έκδοση, συμπληρωμένη και βελτιωμένη με τους νέους νόμους.</subfield>
  </datafield>
  <datafield tag="260" ind1="0" ind2=" ">
   <subfield code="a">Θεσσαλονίκη :</subfield>
   <subfield code="b">[χ.ό.],</subfield>
   <subfield code="c">2004.</subfield>
  </datafield>
  <datafield tag="300" ind1=" " ind2=" ">
   <subfield code="a">654 σ. :</subfield>
   <subfield code="b">πίν. ;</subfield>
   <subfield code="c">24 εκ.</subfield>
  </datafield>
  <datafield tag="500" ind1=" " ind2=" ">
   <subfield code="a">Περιέχει ευρετήριο.</subfield>
  </datafield>
  <datafield tag="500" ind1=" " ind2=" ">
   <subfield code="a">Περιεχόμενα: Κέρδη με βιβλία Α΄, Β΄ ή Γ΄ κατηγορίας του Κ.Β.Σ. Δηλώσεις φορολογίας εισοδήματος (Ο.Ε., Ε.Ε., Ε.Π.Ε., Α.Ε. κ.λ.π.). Ατομική δήλωση και προσδιορισμός του φόρου εισοδήματος. Διανομή κερδών επιχειρήσεων - Λογιστικές εγγραφές. Συμπληρωμένα έντυπα Ε1, Ε2, Ε3, Ε5, Ε.Π.Ε., Α.Ε. κ.λ.π. Τεχνικές επιχειρήσεις - Γεωργικές επιχειρήσεις - Συντελεστές Κ.Κ. Βιομηχανικές επιχειρήσεις - Ελευθέρια επαγγέλματα. Εφαρμογή της φορολογίας με παραδείγματα στην πράξη.</subfield>
  </datafield>
  <datafield tag="650" ind1=" " ind2="4">
   <subfield code="a">Φορολογική λογιστική.</subfield>
  </datafield>
  <datafield tag="650" ind1=" " ind2="4">
   <subfield code="x">Διοικητική οικονομική.</subfield>
  </datafield>
  <datafield tag="650" ind1=" " ind2="4">
   <subfield code="a">Μισθοί και ημερομίσθια</subfield>
   <subfield code="z">Ελλάδα.</subfield>
  </datafield>
  <datafield tag="700" ind1="1" ind2=" ">
   <subfield code="a">Καραγιάννης, Ιωάννης Δ.</subfield>
  </datafield>
  <datafield tag="852" ind1=" " ind2=" ">
   <subfield code="a">INST</subfield>
   <subfield code="b">UNIPILB</subfield>
   <subfield code="c">MAIN</subfield>
   <subfield code="e">20110221</subfield>
   <subfield code="h">657.46 ΚΑΡ</subfield>
   <subfield code="p">00162476</subfield>
   <subfield code="q">00162476</subfield>
   <subfield code="t">LOAN</subfield>
   <subfield code="y">0</subfield>
   <subfield code="4">1</subfield>
  </datafield>
 </record>
</collection>
